| 000 | 02105nam a2200457Ii 4500 | ||
|---|---|---|---|
| 001 | DIGIBE0044 | ||
| 003 | NyNyDIG | ||
| 007 | cr ||||||||||| | ||
| 008 | 180608s2005 sp ob 000 0 spa d | ||
| 006 | m o d | ||
| 035 | _a(OCoLC)1125960785 | ||
| 040 |
_aDGITA _beng _erda _epn _cDGITA |
||
| 020 |
_a9783865279347 _q(eBook) |
||
| 020 |
_a3865279341 _q(eBook) |
||
| 020 |
_z9788484890805 _q(Iberoamericana) |
||
| 020 |
_z8484890805 _q(Iberoamericana) |
||
| 020 |
_z9783865271778 _q(Vervuert) |
||
| 020 |
_z3865271774 _q(Vervuert) |
||
| 050 | 1 | 4 | _aPQ6271.A6 eBook |
| 082 | 0 | 4 | _a863.3 |
| 100 | 1 |
_aAlcalá Yáñez y Rivera, Gerónimo de, _d1563-1632, _eauthor. |
|
| 245 | 1 | 0 |
_aAlonso, mozo de muchos amos : _b(primera y segunda parte) / _cDoctor Jerónimo de Alcalá Yáñez y Ribera ; estudio, edición y notas de Miguel Donoso Rodríguez. |
| 264 | 1 |
_a[Pamplona, Spain] : _bUniversidad de Navarra ; _aMadrid : _bIberoamericana ; _aFrankfurt am Main : _bVervuert, _c2005. |
|
| 300 | _a1 online resource. | ||
| 336 |
_atext _btxt _2rdacontent |
||
| 337 |
_acomputer _bc _2rdamedia |
||
| 338 |
_aonline resource _bcr _2rdacarrier |
||
| 490 | 1 |
_aBiblioteca Áurea Hispánica ; _v24 |
|
| 504 | _aIncludes bibliographical references and index. | ||
| 588 | 0 | _aOnline resource; title from PDF title page (Digitalia, viewed June 8, 2018) | |
| 600 | 1 | 0 |
_aAlcalá Yáñez y Rivera, Gerónimo de, _d1563-1632. _tAlonso, moço de muchos amos. |
| 655 | 0 | _aElectronic books. | |
| 700 | 1 |
_aDonoso Rodríguez, Miguel, _eeditor. |
|
| 791 | 2 |
_aDigitalia (Firm), _edistributor. |
|
| 793 | 0 |
_gDigitalia eBook Collection: _aIberoamericana/Vervuert |
|
| 776 | 0 | 8 |
_iPrint version: _aAlcalá Yáñez y Rivera, Gerónimo de, 1563-1632. _tAlonso, mozo de muchos amos. _d[Pamplona, Spain] : Universidad de Navarra ; Madrid : Iberoamericana ; Frankfurt am Main : Vervuert, 2005 _z8484890805 _w(DLC) 2006383073 _w(OCoLC)70265825 |
| 830 | 0 |
_aBiblioteca Aurea hispánica ; _v24. |
|
| 856 | 4 | 0 |
_3Digitalia Hispánica _uhttps://www.digitaliapublishing.com/a/15385/ |
| 910 | _aPremium Collection: 2018 | ||
| 942 | _cRAA | ||
| 999 |
_c234099 _d234099 |
||